000 00981cam a2200289 i 4500
001 18643188
003 OSt
005 20180923144738.0
008 150604s2014 paua b 001 0 eng
010 _a 2015295671
020 _a9780990637202 (pbk.)
040 _aDLC
_beng
_erda
_cDLC
042 _apcc
050 0 0 _aQA273
_b.P489 2014
082 _223
_a519.5
_bPHI
100 1 _aPishro-Nik, Hossein,
_eauthor.
_965034
245 1 0 _aIntroduction to probability, statistics, and random processes /
_cHossein Pishro-Nik, University of Massachusetts, Amherst.
246 1 4 _aProbability
300 _aix, 732 pages :
_billustrations ;
_c25 cm
504 _aIncludes bibliographical references (pages 731-732) and index.
650 0 _aProbabilities.
_965035
650 0 _aStatistics.
_965036
650 0 _aStochastic processes.
_918326
906 _a7
_bcbc
_corignew
_d2
_encip
_f20
_gy-gencatlg
942 _2ddc
_cBOOK
999 _c75148
_d312425